ბათუმის შოთა რუსთაველის სახელმწიფო უნივერსიტეტის ბიბლიოთეკა

Applied Molecular Biology / (ბიბ.ჩანაწერი № 63258)

000 -LEADER
fixed length control field 00720nam a22001937a 4500
005 - DATE AND TIME OF LATEST TRANSACTION
control field 20250708171347.0
008 - FIXED-LENGTH DATA ELEMENTS--GENERAL INFORMATION
fixed length control field 250708s2009 en ||||| |||| 00| 0 eng d
020 ## - INTERNATIONAL STANDARD BOOK NUMBER
International Standard Book Number 9789881828415 X
041 ## - LANGUAGE CODE
Language code of text/sound track or separate title eng
080 ## - UNIVERSAL DECIMAL CLASSIFICATION NUMBER
Universal Decimal Classification number 577.2 L-47
100 ## - MAIN ENTRY--PERSONAL NAME
Personal name Lee, Chao-Hung
9 (RLIN) 25630
245 ## - TITLE STATEMENT
Title Applied Molecular Biology /
Statement of responsibility, etc. Chao-Hung, Lee
264 ## - PRODUCTION, PUBLICATION, DISTRIBUTION, MANUFACTURE, AND COPYRIGHT NOTICE
Place of production, publication, distribution, manufacture Hong kong :
Name of producer, publisher, distributor, manufacturer Kompass Books,
Date of production, publication, distribution, manufacture, or copyright notice 2009.
300 ## - PHYSICAL DESCRIPTION
Extent 470 p:.
Other physical details 23 cm.
653 ## - INDEX TERM--UNCONTROLLED
keyword Applied Molecular Biology
653 ## - INDEX TERM--UNCONTROLLED
keyword Even though molecular biology has long been a basic tool in biomedical research, scientists still face the question of why certain
653 ## - INDEX TERM--UNCONTROLLED
keyword გამოყენებითი მოლეკულური ბიოლოგია
942 ## - ADDED ENTRY ELEMENTS (KOHA)
Source of classification or shelving scheme
Koha item type წიგნი
ეგზემპლარები
Withdrawn status Lost status Source of classification or shelving scheme Damaged status Not for loan Permanent Location Current Location Shelving location Date acquired Cost, normal purchase price Full call number Barcode Date last seen Copy number Price effective from Koha item type Public note
          ბათუმის შოთა რუსთაველის სახელმწიფო უნივერსიტეტის მთავარი ბიბლიოთეკა ბათუმის შოთა რუსთაველის სახელმწიფო უნივერსიტეტის მთავარი ბიბლიოთეკა წიგნსაცავი 2025-07-08 135.00 577.2 L-47 72083 2025-07-08 72083 2025-07-08 წიგნი 135.00